000 00425nam a2200181Ia 4500
001 8030
005 20260306160539.0
008 260306t2001||||xx |||||||||||||| ||spa||
041 _aESP
082 _a370.1
_bC75
100 _aColom Cañellas, Antoni J.
_eAUT
245 0 _aTeoría de la educación
260 _c2001
300 _a361 páginas :
_c23 cm.
650 _aGEN
654 _aCED
942 _cLIB
_dJUS
_fJUS
_2ddc
_n
999 _c8030
_d8030